Jet, Punk ou les deux ? - Statistiques

Statistiques générales
  • Ce quiz a été pris 85 fois
    45 depuis la dernière actualisation
  • Le résultat moyen est 7 sur 10
Statistiques - réponses
Question Réponse % Correct
Est fan de rock Punk
95%
Peut être de différentes couleurs Les deux
89%
Peut transporter l’autre. Jet
87%
N’est pas très écologique Jet
84%
Fait son apparition au XXe siècle Les deux
79%
Se trouve en dernier dans le nom d’un célèbre site de quiz Punk
74%
Kenny west s’est déjà trouvé avec. Les deux
61%
Est représentatif d’une classe sociale Les deux
61%
Vol Jet
58%
Il y’a un stewart. Les deux
8%
Aucun quiz correspondant
Distribution des résultats
% des personnes avec chaque résultat
Percentile par nombre de réponses
Votre historique - résultats
Vous n’avez pas pris ce quiz depuis la dernière actualisation